|
|
|
|
| LEADER |
01047nam a22002777a 4500 |
| 001 |
28426 |
| 003 |
BD-DhAAL |
| 005 |
20141020122304.0 |
| 008 |
141020s2014 bg 000 0 eng |
| 020 |
|
|
|a 9847002003322
|
| 040 |
|
|
|a BD-DhAAL
|c BD-DhAAL
|
| 041 |
|
|
|a eng
|
| 082 |
0 |
0 |
|a 822/.912
|
| 100 |
1 |
|
|a Shaw, Bernard.
|d 1856-1950.
|9 5730
|
| 245 |
0 |
0 |
|a Pygmalion /
|c Bernard Shaw; with a detailed introduction by FBC editorial board.
|
| 260 |
|
|
|a Dhaka :
|b Friends' book corner,
|c 2014
|
| 300 |
|
|
|a lviii, 154 p.;
|c 19 cm.
|
| 541 |
|
|
|e 28426
|
| 650 |
|
0 |
|a Speech and social status
|v drama
|9 5731
|
| 650 |
|
0 |
|a Linguistics teachers
|v drama
|9 5732
|
| 650 |
|
0 |
|a Social classes
|v drama
|9 5733
|
| 650 |
|
0 |
|a Flower vending
|v drama
|9 5734
|
| 650 |
|
0 |
|a London (England)
|v drama
|9 5735
|
| 942 |
|
|
|2 ddc
|c BK
|
| 999 |
|
|
|c 32946
|d 32946
|
| 952 |
|
|
|0 0
|1 0
|2 ddc
|4 0
|6 822_912000000000000_SHA
|7 0
|9 43870
|a BRACUL
|b BRACUL
|c GEN
|d 2014-10-20
|e Friends book corner
|g 80.00
|l 1
|o 822.912 SHA
|p 3010028426
|r 2024-01-25
|s 2024-01-14
|t 1
|w 2014-10-20
|y BK
|x Transferred from BIL to BRACUL on 06/06/22
|